Cómo crear una película: anatomía de una profesión
I tiakina i:
| Ngā kaituhi matua: | , |
|---|---|
| Hōputu: | Pukapuka |
| Reo: | Pāniora |
| I whakaputaina: |
Madrid
T y B Editores
2008
|
| Putanga: | 1a. ed |
| Ngā marau: | |
| Ngā Tūtohu: |
Tāpirihia he Tūtohu
Kāore He Tūtohu, Me noho koe te mea tuatahi ki te tūtohu i tēnei pūkete!
|
MARC
| LEADER | 00000cam a2200000 a 4500 | ||
|---|---|---|---|
| 001 | UCF1839 | ||
| 003 | CL-VaPUC | ||
| 008 | 120727e20080900SP |||||||||||||||||spa|d | ||
| 020 | |a 9788496576766 | ||
| 082 | 0 | 4 | |a 791.43 |b LAM |2 21 |
| 100 | 0 | |a Lamarca, Manuel |e author |9 563347 | |
| 700 | 0 | |a Valenzuela, Juan Ignacio |e author |9 563348 | |
| 245 | 1 | 0 | |a Cómo crear una película: anatomía de una profesión |
| 250 | |a 1a. ed | ||
| 300 | |a 447 p | ||
| 942 | |c BK | ||
| 945 | |d 20120727 00:00:00 |a dcastane | ||
| 260 | |a Madrid |b T y B Editores |c 2008 | ||
| 650 | 0 | |a Cine |9 225706 | |
| 650 | 7 | |a PRODUCCION Y DIRECCION |2 CL-VaPUC |9 563349 | |
| 650 | 0 | |a Cineastas |9 335320 | |
| 650 | 0 | |a Directores de cine |9 368705 | |
| 650 | 7 | |a PELICULAS CINEMATOGRAFICAS |2 CL-VaPUC |9 563350 | |
| 583 | |a last modification |c 20120727 13:37:00 |k Rodrigo Vera | ||
| 999 | |c 348527 |d 348525 | ||
| 952 | |0 0 |1 0 |4 0 |6 791_430000000000000_LAM_2008 |7 0 |8 A |9 450574 |a BIBING |b BIBING |d 2019-11-22 |i 4874935 |o 791.43 LAM 2008 |p 4874935 |r 2025-01-20 |w 2019-11-22 |y BK |k CUI | ||